| 000 | 00627nam a2200205Ia 4500 | ||
|---|---|---|---|
| 005 | 20220702192342.0 | ||
| 008 | 210716s2001 xx 000 0 und d | ||
| 020 | _a0070473714 | ||
| 040 | _cAIMIT LIBRARY | ||
| 041 | _aeng | ||
| 082 |
_a006.6 _22 _bROGD |
||
| 100 |
_aRogers, David F. _946812 |
||
| 245 |
_aProcedural elements for computer graphics / _cBy David F. Rogers. |
||
| 250 | _a2nd ed. | ||
| 260 |
_aNew Delhi : _bTata McGraw Hill Publishing Company Ltd , _c2001. |
||
| 300 |
_axix,711p. ; _bPB _c23 cm. |
||
| 650 |
_aComputer Graphics. _946813 |
||
| 650 |
_aClipping. _946814 |
||
| 942 |
_2ddc _cBK _e2nd _k006.6 ROGD |
||
| 999 |
_c184455 _d184455 |
||